000 00815nam a2200265 a 4500
001 45508
003 BD-RjUL
005 20211209054026.0
008 160725s1965 enk 00| 0 eng
020 _a0710014902
035 _a(BD-RjUL)45626
040 _aDLC
_cTxShA
_dOCoLC
_dUk
_dDLC
_dBD-RjUL
_beng
041 _aeng
082 _a338.9
_bHAP 191972
_223
100 1 _aHanson, A. H.
_q(Albert Henry)
_912073
245 1 0 _aPublic enterprise and economic development /
_cA. H. Hanson
250 _a2nd ed.
260 _aLondon :
_bRoutledge & K. Paul ltd.,
_c1965 [reprint 1972]
300 _axxxvii, 485 p. ;
_c23 cm.
500 _aIncludes index.
650 0 _aGovernment business enterprises
_914881
650 0 _aGovernment Corporations,
_913175
650 0 _aEconomic development
_914882
942 _2ddc
_cBK
999 _c45508
_d45508